000 00542nam a2200229Ia 4500
003 EC-GqESP
005 20250917115228.0
008 250425s9999 xx 000 0 und d
010 _a53217
020 _a8449427150
041 _aspa
082 _a741
110 _aOCEANO GRUPO EDITORIAL
245 0 _aCURSO PRACTICO DE DIBUJO: TEMAS PARA DIBUJAR
250 _a1A ED.
260 _aBARCELONA
260 _aEspaña
_bOCEANO
_c2004
300 _a743
650 _aDISEÑO GRAFICO
650 _aTECNICAS DE DIBUJO
942 _c01
999 _c223394
_d223394